[Event "Olympiad Women-30"]
[Site "Manila"]
[Date "1992.06.22"]
[Round "13"]
[White "Sachs, Gulnar"]
[Black "Galliamova, Alisa"]
[Result "0-1"]
[WhiteElo "2365"]
[BlackElo "2410"]
[PlyCount "94"]
[EventDate "1992.06.07"]
[EventType "team-swiss"]
[EventRounds "14"]
[EventCountry "PHI"]
[SourceTitle "EXT 2019"]
[Source "ChessBase"]
[SourceDate "2018.10.10"]
[SourceVersion "1"]
[SourceVersionDate "2018.10.10"]
[SourceQuality "1"]
[WhiteTeam "Kazakhstan (W)"]
[BlackTeam "Ukraine (W)"]
[WhiteTeamCountry "KAZ"]
[BlackTeamCountry "UKR"]

1. d4 d5 2. Nf3 Bf5 3. e3 e6 4. Be2 Nd7 5. 0-0 Bd6 6. c4 c6 7. b3 Qf6 8. Bb2 Qh6 9. Nbd2 Ne7 10. Re1 0-0 11. Nf1 Rad8 12. Ng3 Bg6 13. cxd5 cxd5 14. Ne5 Nxe5 15. dxe5 Bc7 16. Rc1 Nc6 17. Bb5 Bxe5 18. Bxe5 Nxe5 19. Qd4 f6 20. Qxa7 Bd3 21. Qb6 f5 22. h3 Qg6 23. Qd4 Nf3+ 24. gxf3 Bxb5 25. f4 Qf6 26. a4 Bc6 27. Ne2 Qh4 28. Kg2 Rf6 29. Ng3 Rdf8 30. Rh1 Rh6 31. Rh2 Rff6 32. Kh1 Rfg6 33. Rg1 Qe7 34. Ne2 Qa3 35. Rb1 Qa2 36. Nc3 Qc2 37. Rg1 Qxb3 38. Rg5 e5 39. Qxe5 d4+ 40. Kg1 dxc3 41. Qb8+ Kf7 42. Qc7+ Kf8 43. Qc8+ Ke7 44. Qc7+ Bd7 45. Qc5+ Kf7 46. Rhg2 Rxg5 47. Rxg5 Rg6 0-1

[Event "Olympiad Women-30"]
[Site "Manila"]
[Date "1992.06.17"]
[Round "9"]
[White "Richtrova, Eliska"]
[Black "Sachs, Gulnar"]
[Result "0-1"]
[WhiteElo "2320"]
[BlackElo "2365"]
[PlyCount "123"]
[EventDate "1992.06.07"]
[EventType "team-swiss"]
[EventRounds "14"]
[EventCountry "PHI"]
[SourceTitle "EXT 2019"]
[Source "ChessBase"]
[SourceDate "2018.10.10"]
[SourceVersion "1"]
[SourceVersionDate "2018.10.10"]
[SourceQuality "1"]
[WhiteTeam "Czechoslovakia (W)"]
[BlackTeam "Kazakhstan (W)"]
[WhiteTeamCountry "CSR"]
[BlackTeamCountry "KAZ"]

1. e4 c5 2. Nc3 d6 3. g3 g6 4. Bg2 Bg7 5. d3 Nc6 6. Bg5 Rb8 7. Qd2 b5 8. h3 b4 9. Nd1 Ba6 10. Ne2 c4 11. dxc4 Bxc4 12. 0-0 Nf6 13. Ne3 Bxe2 14. Qxe2 0-0 15. Nd5 Nd7 16. c3 bxc3 17. bxc3 h6 18. Bd2 e6 19. Ne3 Nc5 20. f4 Rc8 21. f5 Kh7 22. Ng4 Nd7 23. Qf2 h5 24. Ne3 Nce5 25. h4 Nf6 26. Nc2 Neg4 27. Qxa7 Ra8 28. Qb7 Rb8 29. Qa7 Rb2 30. Rac1 gxf5 31. exf5 e5 32. c4 Qc8 33. Qa3 Qb8 34. Bc3 Rb6 35. Rce1 Rc8 36. Nb4 Rxc4 37. Nd5 Rb5 38. Nxf6+ Bxf6 39. Re2 Qb6+ 40. Kh1 d5 41. Bd2 e4 42. Qf8 Qc7 43. Bf4 Qd7 44. Qa8 Rb2 45. Rxb2 Bxb2 46. f6 Bxf6 47. Bg5 Bg7 48. Qa5 Rc2 49. a3 Bd4 50. Qb4 Nf2+ 51. Kg1 Bc5 52. Qb3 Rb2 53. Qc3 Nd3+ 54. Kh1 Qe6 55. Qa5 Bb6 56. Qa8 Nf2+ 57. Kg1 Nh3+ 58. Kh1 Nxg5 59. hxg5 Kg7 60. g6 f6 61. Qb7+ Kxg6 62. Rd1 0-1

[Event "Olympiad Women-30"]
[Site "Manila"]
[Date "1992.06.12"]
[Round "5"]
[White "Sachs, Gulnar"]
[Black "Lalic, Susan"]
[Result "1/2-1/2"]
[WhiteElo "2365"]
[BlackElo "2320"]
[PlyCount "26"]
[EventDate "1992.06.07"]
[EventType "team-swiss"]
[EventRounds "14"]
[EventCountry "PHI"]
[SourceTitle "EXT 2019"]
[Source "ChessBase"]
[SourceDate "2018.10.10"]
[SourceVersion "1"]
[SourceVersionDate "2018.10.10"]
[SourceQuality "1"]
[WhiteTeam "Kazakhstan (W)"]
[BlackTeam "England (W)"]
[WhiteTeamCountry "KAZ"]
[BlackTeamCountry "ENG"]

1. Nf3 b5 2. b3 Nf6 3. c4 bxc4 4. bxc4 c5 5. Nc3 Nc6 6. e3 g6 7. Be2 Bg7 8. 0-0 0-0 9. Rb1 d6 10. d3 Bd7 11. Bb2 Rb8 12. Ba1 Rxb1 13. Qxb1 Qa5 1/2-1/2

[Event "Olympiad Women-30"]
[Site "Manila"]
[Date "1992.06.10"]
[Round "3"]
[White "Sachs, Gulnar"]
[Black "Levitina, Irina S"]
[Result "0-1"]
[WhiteElo "2365"]
[BlackElo "2400"]
[PlyCount "92"]
[EventDate "1992.06.07"]
[EventType "team-swiss"]
[EventRounds "14"]
[EventCountry "PHI"]
[SourceTitle "EXT 2019"]
[Source "ChessBase"]
[SourceDate "2018.10.10"]
[SourceVersion "1"]
[SourceVersionDate "2018.10.10"]
[SourceQuality "1"]
[WhiteTeam "Kazakhstan (W)"]
[BlackTeam "United States (W)"]
[WhiteTeamCountry "KAZ"]
[BlackTeamCountry "USA"]

1. Nf3 d5 2. g3 Bg4 3. Ne5 Bf5 4. d4 c6 5. Bg2 Nd7 6. 0-0 Ngf6 7. c4 e6 8. Nd2 Be7 9. b3 0-0 10. Bb2 Nxe5 11. dxe5 Ne4 12. Nxe4 dxe4 13. Qc1 Qb6 14. h3 Rad8 15. Bc3 Bc5 16. g4 Bg6 17. h4 h6 18. Qf4 e3 19. f3 Bd4 20. Rac1 Bxc3 21. Rxc3 Rd2 22. Re1 Rxa2 23. h5 Bh7 24. c5 Qa5 25. Qxe3 Rd8 26. g5 Qb4 27. gxh6 Qh4 28. Kf1 Qxh5 29. hxg7 Kxg7 30. Rc4 Bf5 31. Kf2 Qh6 32. Qxh6+ Kxh6 33. Rg1 Bg6 34. Bf1 a5 35. Ke3 Rd1 36. f4 Raa1 37. Kf2 Rac1 38. Ra4 Rxc5 39. e4 Rc3 40. f5 Rd2+ 41. Ke1 Rb2 42. Be2 Rc1+ 43. Bd1 Bh5 44. Rd4 Bxd1 45. Rxd1 Rxd1+ 46. Kxd1 Rb1+ 0-1

[Event "Olympiad Women-30"]
[Site "Manila"]
[Date "1992.06.08"]
[Round "1"]
[White "Sachs, Gulnar"]
[Black "Sheremetieva, Marina"]
[Result "1-0"]
[WhiteElo "2365"]
[BlackElo "2195"]
[PlyCount "95"]
[EventDate "1992.06.07"]
[EventType "team-swiss"]
[EventRounds "14"]
[EventCountry "PHI"]
[SourceTitle "EXT 2019"]
[Source "ChessBase"]
[SourceDate "2018.10.10"]
[SourceVersion "1"]
[SourceVersionDate "2018.10.10"]
[SourceQuality "1"]
[WhiteTeam "Kazakhstan (W)"]
[BlackTeam "Moldova (W)"]
[WhiteTeamCountry "KAZ"]
[BlackTeamCountry "MDA"]

1. Nf3 Nf6 2. d4 e6 3. g3 b6 4. Bg2 Bb7 5. 0-0 Be7 6. c4 c5 7. d5 exd5 8. Nh4 0-0 9. cxd5 d6 10. Nf5 Nbd7 11. Bf4 Ne8 12. Nc3 g6 13. Nxe7+ Qxe7 14. Bh6 Ng7 15. e4 f6 16. f4 Rfe8 17. Qd2 Ba6 18. Rfe1 b5 19. Bf1 c4 20. a4 bxa4 21. Nxa4 Qd8 22. b3 c3 23. Qxc3 Bxf1 24. Kxf1 Rc8 25. Qd3 Qc7 26. Ra2 Re7 27. g4 Ne8 28. Rae2 Qb7 29. g5 fxg5 30. Bxg5 Rf7 31. Kg2 Ndf6 32. Nb2 Rb8 33. Re3 Nh5 34. Rf1 Qd7 35. Qe2 Nef6 36. Nc4 Ng4 37. Rff3 h6 38. Bh4 Rbf8 39. Bg3 Re8 40. Qd3 Kh7 41. e5 dxe5 42. fxe5 Rxf3 43. Rxf3 Nxg3 44. e6 Qg7 45. Rf7 Nf5 46. Rxg7+ Nxg7 47. Qd4 h5 48. h3 1-0

[Event "YUG-Cup (Women)"]
[Site "Pula"]
[Date "1991.??.??"]
[Round "?"]
[White "Misanovic, Vesna"]
[Black "Sachs, Gulnar"]
[Result "0-1"]
[WhiteElo "2305"]
[BlackElo "2320"]
[PlyCount "76"]
[EventDate "1991.??.??"]
[EventType "team"]
[EventRounds "5"]
[EventCountry "YUG"]
[SourceTitle "EXT 2002"]
[Source "ChessBase"]
[SourceDate "2001.11.25"]
[SourceVersion "1"]
[SourceVersionDate "2001.11.25"]
[SourceQuality "1"]

1. d4 Nf6 2. c4 e6 3. Nc3 Bb4 4. Bg5 h6 5. Bh4 c5 6. d5 Bxc3+ 7. bxc3 d6 8. e3 Qe7 9. Nf3 e5 10. Nd2 g5 11. Bg3 Bf5 12. h4 Rg8 13. hxg5 hxg5 14. Qb3 Qc7 15. Be2 Nbd7 16. Rh6 0-0-0 17. 0-0-0 Qa5 18. Kb2 Bg6 19. f4 exf4 20. exf4 Rde8 21. Re1 Nb6 22. f5 Re3 23. fxg6 fxg6 24. Bf3 Rxc3 25. Qb5 Nxc4+ 26. Nxc4 Qxb5+ 27. Kxc3 Qb4+ 28. Kd3 g4 29. Rh4 Kd8 30. Re6 Qb1+ 31. Kc3 gxf3 32. Rxd6+ Kc8 33. gxf3 Qg1 34. Rxf6 Qxg3 35. Rh7 Rd8 36. Re7 Qg5 37. Rff7 Qxd5 38. Na5 Qd2+ 0-1

[Event "URS-chT Republics (Women) 2nd final A"]
[Site "Azov"]
[Date "1991.??.??"]
[Round "3"]
[White "Sachs, Gulnar"]
[Black "Ranniku, Maaja"]
[Result "1-0"]
[WhiteElo "2345"]
[BlackElo "2200"]
[PlyCount "49"]
[EventDate "1991.??.??"]
[EventType "team-tourn"]
[EventRounds "4"]
[EventCountry "URS"]
[SourceTitle "EXT 2020"]
[Source "ChessBase"]
[SourceDate "2019.10.17"]
[SourceVersion "1"]
[SourceVersionDate "2019.10.17"]
[SourceQuality "1"]
[WhiteTeam "Kazakhstan (W)"]
[BlackTeam "Estonia (W)"]
[WhiteTeamCountry "KAZ"]
[BlackTeamCountry "EST"]

1. d4 d5 2. Nf3 Nd7 3. g3 g6 4. Bg2 Bg7 5. 0-0 c6 6. b3 e5 7. e4 dxe4 8. Ng5 exd4 9. Nxe4 Ndf6 10. Re1 Nxe4 11. Rxe4+ Be6 12. Bh3 Qd5 13. Qe1 Kd7 14. Bxe6+ fxe6 15. Bf4 Re8 16. Nd2 Ne7 17. Be5 Nf5 18. Nc4 Bxe5 19. Rxe5 Qf3 20. Rd1 Kc7 21. Rd3 Qg4 22. Ra5 e5 23. Rxa7 Nd6 24. Qa5+ Kd7 25. Nxe5+ 1-0

[Event "URS-chT Republics (Women) 2nd Group1"]
[Site "Azov"]
[Date "1991.??.??"]
[Round "4"]
[White "Velikhanli, Firuza"]
[Black "Sachs, Gulnar"]
[Result "0-1"]
[WhiteElo "2255"]
[BlackElo "2345"]
[PlyCount "110"]
[EventDate "1991.??.??"]
[EventType "team-tourn"]
[EventRounds "5"]
[EventCountry "URS"]
[SourceTitle "EXT 2020"]
[Source "ChessBase"]
[SourceDate "2019.10.17"]
[SourceVersion "1"]
[SourceVersionDate "2019.10.17"]
[SourceQuality "1"]
[WhiteTeam "Azerbaijan (W)"]
[BlackTeam "Kazakhstan (W)"]
[WhiteTeamCountry "AZE"]
[BlackTeamCountry "KAZ"]

1. e4 c5 2. Nf3 d6 3. d4 cxd4 4. Qxd4 a6 5. c4 Nc6 6. Qd2 Nf6 7. Nc3 g6 8. Be2 Bg7 9. 0-0 0-0 10. Rb1 Bg4 11. b3 Qa5 12. a3 b5 13. b4 Qb6 14. cxb5 axb5 15. Bb2 Rfd8 16. h3 Bxf3 17. Bxf3 e6 18. Rfd1 Ne5 19. Be2 Nc4 20. Bxc4 bxc4 21. Qe3 Qb7 22. Rd2 d5 23. Rbd1 Rd7 24. exd5 exd5 25. f3 Re8 26. Qf2 Bh6 27. Re2 Rde7 28. Ne4 Nh5 29. g4 dxe4 30. gxh5 e3 31. Qh4 Qxf3 32. Qf6 Qxf6 33. Bxf6 Re6 34. Rf1 Bg7 35. Bxg7 Kxg7 36. b5 Ra8 37. Rc1 Rxa3 38. Rxc4 Rb3 39. Rc5 Kf6 40. hxg6 hxg6 41. Kg2 Re5 42. Rc6+ Kf5 43. b6 Ke4 44. Rec2 Rg5+ 45. Kh2 Kf3 46. Rc7 e2 47. Rxf7+ Rf5 48. Re7 Re3 49. b7 Rxe7 50. b8Q e1Q 51. Rc3+ Re3 52. Qb7+ Kf4 53. Qb8+ Kg5 54. Qd8+ Rf6 55. Rc5+ Re5 0-1

[Event "Naleczow op"]
[Site "Naleczow"]
[Date "1989.??.??"]
[Round "?"]
[White "Sachs, Gulnar"]
[Black "Kasperek, Ryszard"]
[Result "0-1"]
[WhiteElo "2255"]
[BlackElo "2290"]
[PlyCount "82"]
[EventDate "1989.??.??"]
[EventType "swiss"]
[EventRounds "11"]
[EventCountry "POL"]
[SourceTitle "EXT 1997"]
[Source "ChessBase"]
[SourceDate "1996.11.15"]
[SourceVersion "1"]
[SourceVersionDate "1996.11.15"]
[SourceQuality "1"]

1. d4 Nf6 2. c4 e6 3. Nf3 b6 4. Nc3 Bb4 5. Bg5 Bb7 6. e3 h6 7. Bh4 Bxc3+ 8. bxc3 d6 9. Nd2 g5 10. Bg3 Qe7 11. f3 e5 12. e4 Nbd7 13. a4 a5 14. Rb1 h5 15. c5 dxc5 16. Nc4 h4 17. Bxe5 Nxe5 18. Nxe5 0-0-0 19. Bc4 h3 20. g3 cxd4 21. cxd4 Kb8 22. 0-0 g4 23. Ba6 Nd7 24. Nxd7+ Rxd7 25. Bxb7 Kxb7 26. Qd3 Rhd8 27. d5 f5 28. Rb5 gxf3 29. exf5 Qe5 30. f6 Qxf6 31. Qe4 Re7 32. Qxf3 Qxf3 33. Rxf3 Re4 34. d6 Rxd6 35. Rh5 Rxa4 36. Rxh3 Ra2 37. g4 a4 38. Rhg3 a3 39. Rf1 b5 40. g5 b4 41. g6 Rb2 0-1

[Event "Tuzla Interzonal (Women)"]
[Site "Tuzla"]
[Date "1987.??.??"]
[Round "4"]
[White "Frometa Castillo, Zirka"]
[Black "Sachs, Gulnar"]
[Result "0-1"]
[WhiteElo "2220"]
[BlackElo "2350"]
[PlyCount "76"]
[EventDate "1987.07.??"]
[EventType "tourn"]
[EventRounds "17"]
[EventCountry "YUG"]
[EventCategory "10"]
[SourceTitle "EXT 1997"]
[Source "ChessBase"]
[SourceDate "1996.11.15"]
[SourceVersion "1"]
[SourceVersionDate "1996.11.15"]
[SourceQuality "1"]

1. d4 Nf6 2. c3 d5 3. Bg5 c5 4. e3 Ne4 5. Bf4 Nc6 6. Nd2 Nf6 7. Bd3 g6 8. Ngf3 Bg7 9. h3 0-0 10. dxc5 Nd7 11. Be2 Nxc5 12. 0-0 e5 13. Bh2 a5 14. Bb5 e4 15. Nd4 Ne5 16. b4 Ncd3 17. Qb3 Kh8 18. f4 exf3 19. N2xf3 Nxf3+ 20. Nxf3 Qb6 21. Bxd3 Qxe3+ 22. Kh1 Qxd3 23. Ne5 a4 24. Qb2 Qb5 25. Rxf7 Rxf7 26. Nxf7+ Kg8 27. Ne5 Bf5 28. Qd2 Be4 29. Re1 Bf5 30. a3 Rf8 31. Bg3 h6 32. Kh2 Kh7 33. Bf2 Be4 34. Bg3 Rf5 35. Ng4 Qc6 36. Nf2 Bxc3 37. Qe2 Bxe1 38. Nxe4 Bxb4 0-1

[Event "Tuzla Interzonal (Women)"]
[Site "Tuzla"]
[Date "1987.??.??"]
[Round "3"]
[White "Matveeva, Svetlana"]
[Black "Sachs, Gulnar"]
[Result "0-1"]
[WhiteElo "2380"]
[BlackElo "2350"]
[PlyCount "80"]
[EventDate "1987.07.??"]
[EventType "tourn"]
[EventRounds "17"]
[EventCountry "YUG"]
[EventCategory "10"]
[SourceTitle "EXT 1997"]
[Source "ChessBase"]
[SourceDate "1996.11.15"]
[SourceVersion "1"]
[SourceVersionDate "1996.11.15"]
[SourceQuality "1"]

1. d4 d5 2. Nf3 Nf6 3. g3 c5 4. Bg2 e6 5. 0-0 cxd4 6. Nxd4 Be7 7. c4 0-0 8. cxd5 exd5 9. Nc3 Nc6 10. Be3 Re8 11. Qb3 Na5 12. Qc2 Bg4 13. Rfd1 Rc8 14. Rac1 Nc4 15. Bg5 Nb6 16. Nf5 Bc5 17. Ne3 Be6 18. Bf3 h6 19. Bf4 Qe7 20. Nf5 Qd7 21. Nd4 Bg4 22. Qd3 Bxd4 23. Qxd4 Bxf3 24. exf3 Rc4 25. Qd3 Rc6 26. b3 Qh3 27. Nb5 Rxc1 28. Rxc1 Nbd7 29. Nd6 Re6 30. Nxb7 g5 31. Bd6 Ne5 32. Bxe5 Rxe5 33. Qc3 g4 34. f4 Rh5 35. Nd6 Qxh2+ 36. Kf1 d4 37. Qc6 d3 38. Ke1 Qg1+ 39. Kd2 Qxf2+ 40. Kxd3 Rd5+ 0-1

[Event "Tuzla Interzonal (Women)"]
[Site "Tuzla"]
[Date "1987.??.??"]
[Round "11"]
[White "Sachs, Gulnar"]
[Black "Ioseliani, Nana"]
[Result "1/2-1/2"]
[WhiteElo "2350"]
[BlackElo "2450"]
[PlyCount "81"]
[EventDate "1987.07.??"]
[EventType "tourn"]
[EventRounds "17"]
[EventCountry "YUG"]
[EventCategory "10"]
[SourceTitle "EXT 1997"]
[Source "ChessBase"]
[SourceDate "1996.11.15"]
[SourceVersion "1"]
[SourceVersionDate "1996.11.15"]
[SourceQuality "1"]

1. d4 e6 2. Nf3 f5 3. g3 Nf6 4. Bg2 d5 5. 0-0 Bd6 6. c4 c6 7. Qc2 0-0 8. Nbd2 Nbd7 9. Ne1 Qe7 10. Ndf3 b6 11. b3 Bb7 12. Bb2 Rac8 13. Rc1 c5 14. e3 Ba6 15. Ne5 cxd4 16. exd4 Rc7 17. N1d3 Rfc8 18. Rfe1 Ne4 19. f3 dxc4 20. bxc4 Nxe5 21. dxe5 Bc5+ 22. Kh1 Ng5 23. Red1 Bb7 24. Qe2 Rd7 25. Nxc5 Rxd1+ 26. Rxd1 Qxc5 27. Rd7 Qc6 28. Qd3 Nf7 29. h4 Rc7 30. Rd4 Qe8 31. Qd2 Rc8 32. Rd7 Rd8 33. Rxd8 Qxd8 34. Qc3 f4 35. Kh2 Nh6 36. Bh3 fxg3+ 37. Kxg3 Qc8 38. Qd3 g6 39. h5 Nf5+ 40. Kf2 Qc7 41. Bxf5 1/2-1/2

[Event "Tuzla Interzonal (Women)"]
[Site "Tuzla"]
[Date "1987.??.??"]
[Round "9"]
[White "Sachs, Gulnar"]
[Black "Ivanka, Maria"]
[Result "1/2-1/2"]
[WhiteElo "2350"]
[BlackElo "2320"]
[PlyCount "81"]
[EventDate "1987.07.??"]
[EventType "tourn"]
[EventRounds "17"]
[EventCountry "YUG"]
[EventCategory "10"]
[SourceTitle "EXT 1997"]
[Source "ChessBase"]
[SourceDate "1996.11.15"]
[SourceVersion "1"]
[SourceVersionDate "1996.11.15"]
[SourceQuality "1"]

1. c4 Nf6 2. d4 g6 3. Nc3 Bg7 4. e4 d6 5. Be2 0-0 6. Nf3 Nbd7 7. 0-0 e5 8. Qc2 c6 9. Rd1 Qe7 10. d5 c5 11. g3 Kh8 12. Bg5 a6 13. Re1 Qe8 14. Nh4 Ng8 15. Bd2 Qe7 16. Ng2 f5 17. exf5 gxf5 18. f4 e4 19. g4 b5 20. cxb5 axb5 21. Bxb5 Bd4+ 22. Be3 Nh6 23. g5 Ng4 24. Bxd4+ cxd4 25. Ne2 Nde5 26. fxe5 Qa7 27. Qc4 dxe5 28. h3 d3+ 29. Nd4 d2 30. Rf1 f4 31. hxg4 Bxg4 32. Ne3 exd4 33. Nxg4 Rf5 34. d6 f3 35. Bc6 Rxg5 36. Bxa8 Rxg4+ 37. Kh2 Rh4+ 38. Kg3 Qg7+ 39. Kxh4 Qf6+ 40. Kg4 h5+ 41. Kxh5 1/2-1/2

[Event "Tuzla Interzonal (Women)"]
[Site "Tuzla"]
[Date "1987.??.??"]
[Round "15"]
[White "Sachs, Gulnar"]
[Black "Maksimovic, Suzana"]
[Result "1-0"]
[WhiteElo "2350"]
[BlackElo "2345"]
[PlyCount "71"]
[EventDate "1987.07.??"]
[EventType "tourn"]
[EventRounds "17"]
[EventCountry "YUG"]
[EventCategory "10"]
[SourceTitle "EXT 1997"]
[Source "ChessBase"]
[SourceDate "1996.11.15"]
[SourceVersion "1"]
[SourceVersionDate "1996.11.15"]
[SourceQuality "1"]

1. d4 Nf6 2. c4 e6 3. Nf3 c5 4. Nc3 cxd4 5. Nxd4 a6 6. g3 Qc7 7. Bg2 Be7 8. 0-0 0-0 9. b3 d5 10. Qc2 dxc4 11. Ne4 Nbd7 12. bxc4 Nc5 13. Nxc5 Bxc5 14. Bb2 Bd7 15. Nf3 Bc6 16. Ng5 e5 17. Bxc6 bxc6 18. Nf3 Rfe8 19. e4 Rad8 20. Rad1 Ng4 21. Rxd8 Rxd8 22. h3 Nxf2 23. Rxf2 f6 24. Kg2 Bxf2 25. Qxf2 Qa5 26. a3 Qa4 27. Qe2 Qb3 28. Ne1 Rd1 29. Bc3 Rc1 30. Bb4 Rxc4 31. Qg4 Qa2+ 32. Kg1 Rc1 33. Qc8+ Kf7 34. Qd7+ Kg6 35. Qf5+ Kf7 36. Qh5+ 1-0

[Event "Tallinn (Women)"]
[Site "Tallinn"]
[Date "1986.??.??"]
[Round "13"]
[White "Csonkics, Tunde"]
[Black "Sachs, Gulnar"]
[Result "1/2-1/2"]
[WhiteElo "2100"]
[BlackElo "2180"]
[PlyCount "79"]
[EventDate "1986.??.??"]
[EventType "tourn"]
[EventRounds "15"]
[EventCountry "URS"]
[SourceTitle "EXT 1997"]
[Source "ChessBase"]
[SourceDate "1996.11.15"]
[SourceVersion "1"]
[SourceVersionDate "1996.11.15"]
[SourceQuality "1"]

1. d4 Nf6 2. c4 e6 3. Nf3 Bb4+ 4. Bd2 Qe7 5. g3 0-0 6. Bg2 Bxd2+ 7. Qxd2 d6 8. Nc3 c6 9. 0-0 Nbd7 10. e4 e5 11. Rfe1 Re8 12. b3 a6 13. Rad1 b5 14. Nh4 Nb6 15. Nf5 Bxf5 16. exf5 Rac8 17. c5 Nbd7 18. b4 dxc5 19. dxc5 a5 20. a3 Nb8 21. f4 axb4 22. axb4 Qc7 23. Ne4 Nxe4 24. Rxe4 Red8 25. Qe2 Rxd1+ 26. Qxd1 exf4 27. Rxf4 Nd7 28. Rd4 Ne5 29. Rd6 Qe7 30. h3 h6 31. Qd4 Ra8 32. Qf4 Ra2 33. f6 gxf6 34. Qxf6 Qxf6 35. Rxf6 Kg7 36. Rd6 Rb2 37. Bxc6 Rxb4 38. Bg2 Rc4 39. Rd5 Kf6 40. c6 1/2-1/2

[Event "Tallinn (Women)"]
[Site "Tallinn"]
[Date "1986.??.??"]
[Round "2"]
[White "Ranniku, Maaja"]
[Black "Sachs, Gulnar"]
[Result "0-1"]
[WhiteElo "2125"]
[BlackElo "2180"]
[PlyCount "80"]
[EventDate "1986.??.??"]
[EventType "tourn"]
[EventRounds "15"]
[EventCountry "URS"]
[SourceTitle "EXT 1997"]
[Source "ChessBase"]
[SourceDate "1996.11.15"]
[SourceVersion "1"]
[SourceVersionDate "1996.11.15"]
[SourceQuality "1"]

1. Nf3 Nf6 2. c4 e6 3. g3 b6 4. Bg2 Bb7 5. 0-0 Be7 6. Nc3 0-0 7. d4 d5 8. cxd5 exd5 9. Bf4 Na6 10. Rc1 c5 11. Nb5 Nb4 12. a3 Nc6 13. Ne5 Nxe5 14. dxe5 Nh5 15. Nc3 Nxf4 16. gxf4 Qd7 17. Bxd5 Rad8 18. e4 Qh3 19. Kh1 Kh8 20. Rg1 f5 21. Qe2 Bc8 22. Rg3 Qh6 23. Rcg1 g6 24. Rf3 fxe4 25. Qxe4 Rf5 26. Rg2 Rh5 27. e6 Rf5 28. Rg5 Bxg5 29. fxg5 Qxg5 30. h4 Qf6 31. Kg2 Rxf3 32. Qxf3 Qxf3+ 33. Kxf3 Re8 34. Nb5 Bxe6 35. Bxe6 Rxe6 36. Nxa7 Kg7 37. Nb5 Kh6 38. Nc3 Rd6 39. Ne4 Rd3+ 40. Kf4 Rb3 0-1

[Event "Tallinn (Women)"]
[Site "Tallinn"]
[Date "1986.??.??"]
[Round "14"]
[White "Sachs, Gulnar"]
[Black "Kalevic, Sanja"]
[Result "1-0"]
[WhiteElo "2180"]
[BlackElo "1960"]
[PlyCount "73"]
[EventDate "1986.??.??"]
[EventType "tourn"]
[EventRounds "15"]
[EventCountry "URS"]
[SourceTitle "EXT 1997"]
[Source "ChessBase"]
[SourceDate "1996.11.15"]
[SourceVersion "1"]
[SourceVersionDate "1996.11.15"]
[SourceQuality "1"]

1. d4 Nf6 2. c4 d6 3. Nc3 Nbd7 4. e4 e5 5. Nf3 c6 6. Be2 Be7 7. 0-0 0-0 8. Qc2 a6 9. Rd1 Qe8 10. b4 a5 11. b5 exd4 12. Nxd4 Nc5 13. Bf3 Bg4 14. Bxg4 Nxg4 15. Qe2 Ne5 16. Nf5 Rd8 17. bxc6 bxc6 18. Ba3 g6 19. Nxe7+ Qxe7 20. f4 Ned7 21. e5 Rfe8 22. Qf2 Qe6 23. Rxd6 Qxc4 24. Rad1 Rc8 25. Qd4 Qxd4+ 26. R1xd4 Rc7 27. Rc4 Ne6 28. Bc1 Rec8 29. Be3 Ng7 30. g4 g5 31. Ne4 gxf4 32. Bxf4 Nb6 33. Nf6+ Kh8 34. Rc3 Ne6 35. Rh3 Kg7 36. Rxh7+ Kf8 37. Rxe6 1-0

[Event "Tallinn (Women)"]
[Site "Tallinn"]
[Date "1986.??.??"]
[Round "7"]
[White "Sachs, Gulnar"]
[Black "Khadilkar, Rohini"]
[Result "1-0"]
[WhiteElo "2180"]
[BlackElo "2115"]
[PlyCount "71"]
[EventDate "1986.??.??"]
[EventType "tourn"]
[EventRounds "15"]
[EventCountry "URS"]
[SourceTitle "EXT 1997"]
[Source "ChessBase"]
[SourceDate "1996.11.15"]
[SourceVersion "1"]
[SourceVersionDate "1996.11.15"]
[SourceQuality "1"]

1. d4 Nf6 2. c4 e6 3. Nf3 d5 4. Bg5 c5 5. cxd5 exd5 6. Nc3 Nc6 7. g3 Be7 8. Bg2 0-0 9. 0-0 cxd4 10. Nxd4 h6 11. Be3 Re8 12. Qb3 Na5 13. Qc2 Bg4 14. Nf5 Bb4 15. Bd4 Bxc3 16. Bxc3 Rxe2 17. Qd1 Nc6 18. h3 Bxf5 19. Qxe2 d4 20. Rad1 Qb6 21. Be1 Re8 22. Qd2 d3 23. g4 Bg6 24. Qc3 Ne4 25. Qb3 Qc7 26. Qxd3 Nxf2 27. Qd7 Qxd7 28. Rxd7 Nd3 29. Bc3 Nc5 30. Rc7 Re2 31. Rf2 Re3 32. Bxc6 bxc6 33. Bd4 Re1+ 34. Rf1 Rxf1+ 35. Kxf1 Ne6 36. Rc8+ 1-0

[Event "Tallinn (Women)"]
[Site "Tallinn"]
[Date "1986.??.??"]
[Round "11"]
[White "Zainetdinova, Svetlana"]
[Black "Sachs, Gulnar"]
[Result "0-1"]
[WhiteElo "2055"]
[BlackElo "2180"]
[PlyCount "78"]
[EventDate "1986.??.??"]
[EventType "tourn"]
[EventRounds "15"]
[EventCountry "URS"]
[SourceTitle "EXT 1997"]
[Source "ChessBase"]
[SourceDate "1996.11.15"]
[SourceVersion "1"]
[SourceVersionDate "1996.11.15"]
[SourceQuality "1"]

1. e4 c5 2. Nf3 d6 3. d4 cxd4 4. Nxd4 Nf6 5. Nc3 a6 6. Be2 e5 7. Nb3 Be7 8. 0-0 0-0 9. f4 Nbd7 10. a4 b6 11. Be3 Bb7 12. Bf3 Rc8 13. Qd2 exf4 14. Bxf4 Ne5 15. Nd5 Nxf3+ 16. gxf3 Nxd5 17. exd5 Bf6 18. c3 Qd7 19. Qd3 Rce8 20. Nd2 Be5 21. Bg3 Bxg3 22. hxg3 Qh3 23. f4 Qh5 24. c4 Re2 25. Rf2 Rxf2 26. Kxf2 Qh2+ 27. Kf3 Bc8 28. Ne4 Qh5+ 29. Ke3 Bf5 30. Kd4 Qg6 31. Rh1 h6 32. Re1 Bxe4 33. Rxe4 Qf6+ 34. Ke3 Qxb2 35. Re7 Qg2 36. Kd4 Rc8 37. Rd7 Re8 38. c5 Qb2+ 39. Qc3 bxc5+ 0-1